Central Library OPAC University of Rajshahi

Varietal improvement of potatoes through plant Biotechnology / (Record no. 80415)

MARC details
000 -LEADER
fixed length control field 00940nam a22002537a 4500
001 - CONTROL NUMBER
RUCL Control Number 80415
003 - CONTROL NUMBER IDENTIFIER
rucl marc code BD-RjUL
005 - DATE AND TIME OF LATEST TRANSACTION
control field 20230403100057.0
008 - FIXED-LENGTH DATA ELEMENTS--GENERAL INFORMATION
fixed length control field 220922s2005 bg a|||| m||| 00| 0 eng d
035 ## - SYSTEM CONTROL NUMBER
system control number (BD-RjUL)80415
040 ## - CATALOGING SOURCE
Original cataloging agency BD-RjUL
Language of cataloging eng
Transcribing agency BD-RjUL
Modifying agency BD-RjUL
041 ## - LANGUAGE CODE
Language code of Book eng
082 ## - DEWEY DECIMAL CLASSIFICATION NUMBER
DDC Edition number 23
Classification number 635.21
Author mark and Year HOV 2005
100 ## - MAIN ENTRY--PERSONAL NAME
Personal name Hossain, Sk. Amzad
9 (RLIN) 4954
245 10 - TITLE STATEMENT
Title Varietal improvement of potatoes through plant Biotechnology /
Statement of responsibility, etc By Sk. Amzad Hossain ;
Name of Supervisor/Co-Supervisor Supervisor : M. Firoz Alam, Supervisor : AKM. Rafiqul Islam
260 ## - PUBLICATION, DISTRIBUTION, ETC. (IMPRINT)
Place of publication, distribution, etc Rajshahi :
Name of publisher, distributor, etc Department of Botany, University of Rajshahi,
Date of publication, distribution, etc 2005
300 ## - PHYSICAL DESCRIPTION
Pagination [10], 141 leaves :
Other physical details ill, ;
Dimensions 29.cm.
502 ## - DISSERTATION NOTE
Dissertation note Thesis (Ph. D.) -- Department of Botany, University of Rajshahi, 2005
504 ## - BIBLIOGRAPHY, ETC. NOTE
Bibliography, etc References : Leaves 119 - 139
650 ## - SUBJECT ADDED ENTRY--TOPICAL TERM
Topical term or geographic name as entry element Potatoes
9 (RLIN) 2076
700 ## - ADDED ENTRY--SUPERVISOR/CO-SUPERVISOR NAME
Personal name Alam, M. Firoz, Supervisor
9 (RLIN) 4955
Personal name Islam, AKM. Rafiqul, Supervisor
9 (RLIN) 4956
942 ## - ADDED ENTRY ELEMENTS (KOHA)
Source of classification or shelving scheme Dewey Decimal Classification
Koha item type Theses
Holdings
Source of classification or shelving scheme Damaged status Not for loan Collection code Permanent Location Current Location Shelving location Date of accession Source of acquisition Full call number Barcode Date last seen Copy number Thesis
Dewey Decimal Classification   Not For Loan Theses Central Library, University of Rajshahi Central Library, University of Rajshahi Documentation Section 27/05/2006 Controller of Exam. R.U. THE 635.21 HOV 2005 D2527 22/09/2022 C-1 Theses